| 000 | 00563nam a2200193Ia 4500 | ||
|---|---|---|---|
| 003 | OSt | ||
| 005 | 20260425105047.0 | ||
| 008 | 210210b1987 xxu||||| |||| 00| 0 eng d | ||
| 040 | _cAL | ||
| 041 | _aKannada | ||
| 082 | _a910.4K VYAN | ||
| 100 |
_aVYASARAYA BALLALA. _dವ್ಯಾಸರಾಯ ಬಲ್ಲಾಳ _9262727 |
||
| 245 |
_aNanobba Bharatiya pravasi _bನಾನೊಬ್ಬ ಭಾರತೀಯ ಪ್ರವಾಸಿ |
||
| 260 |
_aMaisuru _bGita Buk Haus _c1987 |
||
| 300 | _avi,188 | ||
| 690 |
_aTravel _9262728 |
||
| 906 | _a041152 | ||
| 942 |
_2ddc _cBK |
||
| 999 |
_c91167 _d91167 |
||